[Event "Euskadi-chT (Vasca) Div 1st"]
[Site "Bergara"]
[Date "2019.01.19"]
[Round "2.1"]
[White "Martin Echeandia, Ibon"]
[Black "Alonso Alonso, Ivan"]
[Result "1-0"]
[WhiteElo "2142"]
[BlackElo "2106"]
[PlyCount "39"]
[EventDate "2019.01.12"]
[EventType "team-tourn"]
[EventRounds "9"]
[EventCountry "ESP"]
[SourceTitle "EXT 2021"]
[Source "ChessBase"]
[SourceDate "2020.10.23"]
[SourceVersion "1"]
[SourceVersionDate "2020.10.23"]
[SourceQuality "1"]
[WhiteTeam "Santurtzi"]
[BlackTeam "Abadino"]
[WhiteTeamCountry "ESP"]
[BlackTeamCountry "ESP"]

1. e4 c5 2. Nf3 Nc6 3. d4 cxd4 4. Nxd4 Nf6 5. Nc3 e5 6. Ndb5 d6 7. Bg5 a6 8. Na3 b5 9. Bxf6 gxf6 10. Nd5 Bg7 11. Bd3 Ne7 12. Nxe7 Qxe7 13. 0-0 0-0 14. Qf3 f5 15. exf5 d5 16. Qxd5 Bb7 17. Qb3 e4 18. Rfe1 Rfe8 19. Bf1 Qh4 20. c3 1-0

[Event "Euskadi-ch"]
[Site "Pamplona"]
[Date "2018.04.07"]
[Round "6"]
[White "Alonso Alonso, Ivan"]
[Black "Astasio Lopez, David"]
[Result "0-1"]
[WhiteElo "2123"]
[BlackElo "2386"]
[PlyCount "107"]
[EventDate "2018.04.02"]
[EventType "swiss"]
[EventRounds "7"]
[EventCountry "ESP"]
[SourceTitle "EXT 2021"]
[Source "ChessBase"]
[SourceDate "2020.10.23"]
[SourceVersion "1"]
[SourceVersionDate "2020.10.23"]
[SourceQuality "1"]

1. e4 c5 2. Nf3 Nc6 3. d4 cxd4 4. Nxd4 Qb6 5. Nb3 Nf6 6. Nc3 e6 7. Be3 Qc7 8. Be2 a6 9. f4 b5 10. Bf3 d6 11. 0-0 Bb7 12. a4 b4 13. Ne2 Be7 14. a5 0-0 15. Ng3 Rac8 16. Qe2 Nb8 17. Nd4 Rfe8 18. Rfc1 Nc6 19. Nxc6 Qxc6 20. c4 bxc3 21. Rxc3 Qd7 22. Bd4 h6 23. Nh5 Nxh5 24. Bxh5 Rxc3 25. Bxc3 Qc6 26. Bf3 Rc8 27. Rd1 Qa4 28. Rd4 Qc6 29. Rd1 Qc5+ 30. Kh1 Rc7 31. h3 Rd7 32. e5 Bxf3 33. Qxf3 d5 34. f5 exf5 35. Qxf5 Qc6 36. Bd4 Bd8 37. Bc3 Rb7 38. Qd3 Rb5 39. Qd4 Bxa5 40. e6 Bxc3 41. exf7+ Kxf7 42. bxc3 Kg8 43. Rf1 Qe6 44. Qa7 Kh7 45. Qd4 a5 46. Qf2 Qe4 47. Qd2 a4 48. Qa2 Rc5 49. Qa3 Rc4 50. Rc1 Rc7 51. Qd6 Rb7 52. Kh2 Rb2 53. Rg1 Rc2 54. Qa3 0-1

[Event "Bilbao op 9th"]
[Site "Bilbao"]
[Date "2016.07.23"]
[Round "10"]
[White "Garcia Rodriguez, Inaki"]
[Black "Alonso Alonso, Ivan"]
[Result "0-1"]
[WhiteElo "2019"]
[BlackElo "2114"]
[PlyCount "94"]
[EventDate "2016.07.13"]
[EventType "swiss"]
[EventRounds "10"]
[EventCountry "ESP"]
[SourceTitle "CBM 173 Extra"]
[Source "ChessBase"]
[SourceDate "2016.08.29"]
[SourceVersion "1"]
[SourceVersionDate "2016.08.29"]
[SourceQuality "1"]

1. d4 e6 2. Nf3 Nf6 3. Bf4 c5 4. e3 Nc6 5. c3 cxd4 6. exd4 d5 7. Bd3 Bd6 8. Bg3 Nh5 9. 0-0 Nxg3 10. hxg3 0-0 11. Nbd2 Bd7 12. Ne5 Nxe5 13. dxe5 Bxe5 14. Qh5 f5 15. Nf3 Bf6 16. g4 g6 17. Qh6 fxg4 18. Nd4 e5 19. Ne2 Qb6 20. Ng3 e4 21. Bc2 Be6 22. Bb3 Rad8 23. Rad1 Be5 24. Ne2 g3 25. Nd4 gxf2+ 26. Rxf2 Rxf2 27. Kxf2 Bg4 28. Rh1 Qf6+ 29. Ke3 Bh5 30. Ne6 Qxe6 31. Rxh5 Rd7 32. Qg5 Re7 33. Rh1 Rf7 34. Qd8+ Kg7 35. Qh4 Bf4+ 36. Ke2 h6 37. Rd1 Qa6+ 38. Ke1 Be3 39. c4 Bf2+ 40. Qxf2 Rxf2 41. Kxf2 dxc4 42. Bc2 Qb6+ 43. Kg3 Qxb2 44. Bxe4 Kf6 45. Rf1+ Kg5 46. Rf2 Qe5+ 47. Kf3 Qf4+ 0-1

[Event "Bilbao op 9th"]
[Site "Bilbao"]
[Date "2016.07.19"]
[Round "6"]
[White "Alonso Alonso, Ivan"]
[Black "Gonzalez Perez, Arian"]
[Result "0-1"]
[WhiteElo "2114"]
[BlackElo "2460"]
[PlyCount "73"]
[EventDate "2016.07.13"]
[EventType "swiss"]
[EventRounds "10"]
[EventCountry "ESP"]
[SourceTitle "CBM 173 Extra"]
[Source "ChessBase"]
[SourceDate "2016.08.29"]
[SourceVersion "1"]
[SourceVersionDate "2016.08.29"]
[SourceQuality "1"]

1. e4 e6 2. d4 d5 3. Nc3 Bb4 4. Bd3 dxe4 5. Bxe4 Nf6 6. Bd3 Nbd7 7. Nf3 b6 8. 0-0 Bb7 9. Qe2 0-0 10. Bg5 Be7 11. Rad1 Re8 12. Ne5 Qc8 13. Rfe1 Nf8 14. Ng4 Nxg4 15. Qxg4 Bxg5 16. Qxg5 Qd8 17. Qg3 Qd6 18. Qe3 Red8 19. Be4 Bxe4 20. Qxe4 Qb4 21. Qc6 Qxb2 22. Nb5 Qxa2 23. c4 a5 24. d5 Qa4 25. Qxc7 exd5 26. Qxb6 Qxc4 27. Nc7 Rac8 28. Rc1 Qb4 29. Qxb4 axb4 30. Nxd5 Rxc1 31. Ne7+ Kh8 32. Rxc1 b3 33. Kf1 Ne6 34. Ke2 Nd4+ 35. Ke3 Nc2+ 36. Kf3 Ra8 37. Ra1 0-1

[Event "Erandio op 23rd"]
[Site "Erandio"]
[Date "2014.12.28"]
[Round "8"]
[White "Alonso Alonso, Ivan"]
[Black "Gomez Esteban, Juan Mario"]
[Result "0-1"]
[WhiteElo "2133"]
[BlackElo "2446"]
[PlyCount "64"]
[EventDate "2014.12.20"]
[EventType "swiss"]
[EventRounds "8"]
[EventCountry "ESP"]
[SourceTitle "CBM 164 Extra"]
[Source "ChessBase"]
[SourceDate "2015.03.02"]
[SourceVersion "1"]
[SourceVersionDate "2015.03.02"]
[SourceQuality "1"]

1. e4 e5 2. Nf3 Nf6 3. Nxe5 d6 4. Nf3 Nxe4 5. Nc3 Nxc3 6. dxc3 Be7 7. Bf4 Nc6 8. Qd2 Be6 9. Ng5 Bxg5 10. Bxg5 Qd7 11. Bb5 a6 12. Ba4 0-0 13. 0-0 Rfe8 14. Rfe1 b5 15. Bb3 Bxb3 16. axb3 Rxe1+ 17. Rxe1 Re8 18. Ra1 Qf5 19. h3 a5 20. Be3 h5 21. c4 bxc4 22. bxc4 Nb4 23. Rc1 Re6 24. b3 Rg6 25. Kh1 Kh7 26. c3 Nd3 27. Rd1 Ne5 28. f4 Nd7 29. Qd3 Qxd3 30. Rxd3 Rg3 31. h4 Nf6 32. Kh2 Rxe3 0-1

[Event "Euskadi-chT (Vasca) Div 1st"]
[Site "Bergara"]
[Date "2014.03.08"]
[Round "9.2"]
[White "Alvarez Ponga, Hugo"]
[Black "Alonso Alonso, Ivan"]
[Result "1-0"]
[WhiteElo "2131"]
[BlackElo "2157"]
[PlyCount "71"]
[EventDate "2014.01.11"]
[EventType "team-tourn"]
[EventRounds "9"]
[EventCountry "ESP"]
[SourceTitle "EXT 2024"]
[Source "ChessBase"]
[SourceDate "2023.10.10"]
[SourceVersion "1"]
[SourceVersionDate "2023.10.10"]
[SourceQuality "1"]

1. d4 Nf6 2. Bg5 e6 3. e4 h6 4. Bxf6 Qxf6 5. Nf3 g5 6. c3 d6 7. Na3 Bg7 8. Bd3 Nd7 9. Qe2 e5 10. d5 a6 11. Nc4 Nf8 12. Ne3 Ng6 13. g3 Bd7 14. b4 0-0 15. Nd2 c6 16. Ndc4 b5 17. Nb6 Ra7 18. Nxd7 Rxd7 19. dxc6 Ra7 20. Nd5 Qd8 21. a4 Qa8 22. axb5 axb5 23. Rxa7 Qxa7 24. 0-0 Ne7 25. Nxe7+ Qxe7 26. Bxb5 f5 27. Bc4+ Kh8 28. exf5 e4 29. Be6 d5 30. c4 Be5 31. b5 dxc4 32. b6 Qc5 33. c7 Bxc7 34. bxc7 Qxc7 35. Qxe4 c3 36. Rc1 1-0

[Event "Euskadi-chT (Vasca) Div 1st"]
[Site "Bergara"]
[Date "2012.03.03"]
[Round "8.2"]
[White "Alvarado Fernandez, Mikel"]
[Black "Alonso Alonso, Ivan"]
[Result "1-0"]
[WhiteElo "2006"]
[BlackElo "2160"]
[PlyCount "105"]
[EventDate "2012.01.14"]
[EventType "team-tourn"]
[EventRounds "9"]
[EventCountry "ESP"]
[SourceTitle "EXT 2024"]
[Source "ChessBase"]
[SourceDate "2023.10.10"]
[SourceVersion "1"]
[SourceVersionDate "2023.10.10"]
[SourceQuality "1"]

1. d4 d5 2. Bg5 Nf6 3. Bxf6 exf6 4. e3 Bd6 5. Nd2 0-0 6. g3 c6 7. Bg2 Qb6 8. Qc1 Re8 9. Ngf3 Qa6 10. a3 Bf5 11. b4 Nd7 12. Bf1 Qa4 13. c4 a5 14. c5 Bf8 15. Nh4 Bg4 16. h3 Be6 17. Rb1 axb4 18. axb4 g5 19. Nhf3 Bf5 20. Rb3 b6 21. g4 Be4 22. Qd1 Reb8 23. Nxe4 dxe4 24. Nd2 bxc5 25. bxc5 Rxb3 26. Qxb3 Qa1+ 27. Qd1 Qc3 28. Qb3 Qc1+ 29. Qd1 Qc3 30. Qb3 Ra1+ 31. Ke2 Qa5 32. Bg2 Ra2 33. Rd1 Qa6+ 34. Ke1 Bxc5 35. Bxe4 Bf8 36. Bb1 Ra3 37. Qc2 Bg7 38. Qxh7+ Kf8 39. Qf5 Qa7 40. Rc1 Ra5 41. Qc2 c5 42. Nb3 Rb5 43. Nxc5 Nxc5 44. dxc5 Qc7 45. Qd3 Rb8 46. Qd6+ Qxd6 47. cxd6 Ke8 48. Bf5 Rd8 49. d7+ Ke7 50. Rc6 Ra8 51. Rc8 Ra1+ 52. Kd2 Ra2+ 53. Kd3 1-0

[Event "Euskadi-chT (Vasca) Div 1st"]
[Site "Bergara"]
[Date "2012.01.14"]
[Round "1"]
[White "Alonso Alonso, Ivan"]
[Black "Monje Peinado, Roberto"]
[Result "1/2-1/2"]
[WhiteElo "2160"]
[BlackElo "2065"]
[PlyCount "88"]
[EventDate "2012.01.14"]
[EventType "team-tourn"]
[EventRounds "9"]
[EventCountry "ESP"]
[SourceTitle "EXT 2024"]
[Source "ChessBase"]
[SourceDate "2023.10.10"]
[SourceVersion "1"]
[SourceVersionDate "2023.10.10"]
[SourceQuality "1"]

1. e4 c5 2. Nf3 Nc6 3. d4 cxd4 4. Nxd4 e5 5. Nb5 d6 6. c4 Nf6 7. N1c3 a6 8. Na3 Be7 9. Be2 Nd4 10. 0-0 0-0 11. Bd3 Ne8 12. Nc2 Nxc2 13. Bxc2 Bg5 14. Nd5 Bxc1 15. Rxc1 Qg5 16. f4 exf4 17. Rxf4 Be6 18. Rf2 Bxd5 19. exd5 Nf6 20. Qd2 Qxd2 21. Rxd2 b6 22. Re1 Rfe8 23. Rde2 Rxe2 24. Rxe2 Rc8 25. Bd3 Kf8 26. h3 Nd7 27. Bf5 Rc7 28. Bxd7 Rxd7 29. Kf2 Rc7 30. Rc2 Re7 31. Rc3 Re5 32. Kf3 Re7 33. Rb3 Rb7 34. a4 a5 35. Ke4 Ke7 36. g4 Kd8 37. Kf5 Kc7 38. Re3 Kd7 39. b3 Rb8 40. g5 Re8 41. Rc3 Re5+ 42. Kg4 Ke7 43. h4 Re1 44. Kf4 Kd7 1/2-1/2

[Event "Euskadi-chT (Vasca) Div 1st"]
[Site "Bergara"]
[Date "2011.02.12"]
[Round "6.4"]
[White "Garcia San Martin, Alberto"]
[Black "Alonso Alonso, Ivan"]
[Result "1/2-1/2"]
[WhiteElo "1929"]
[BlackElo "2156"]
[PlyCount "144"]
[EventDate "2011.01.08"]
[EventType "team-tourn"]
[EventRounds "9"]
[EventCountry "ESP"]
[SourceTitle "EXT 2024"]
[Source "ChessBase"]
[SourceDate "2023.10.10"]
[SourceVersion "1"]
[SourceVersionDate "2023.10.10"]
[SourceQuality "1"]

1. e4 c5 2. Nf3 Nc6 3. d4 cxd4 4. Nxd4 Nf6 5. Nc3 e5 6. Ndb5 d6 7. Bg5 a6 8. Na3 b5 9. Nd5 Be7 10. Bxf6 Bxf6 11. c3 Bg5 12. Nc2 Rb8 13. b4 Ne7 14. Nce3 Bxe3 15. Nxe3 Bb7 16. Qg4 Qc8 17. Qxc8+ Rxc8 18. c4 bxc4 19. Bxc4 0-0 20. f3 Rfd8 21. Rd1 Kf8 22. Kf2 g6 23. Rd2 Nc6 24. Bd5 Rb8 25. Bxc6 Bxc6 26. a3 Ke7 27. Rc1 Bb7 28. Rc7+ Ke6 29. Nc4 d5 30. Na5 Ba8 31. Nc6 Bxc6 32. Rxc6+ Rd6 33. Rxd6+ Kxd6 34. Rxd5+ Ke6 35. Rc5 Rb6 36. Ke2 Rd6 37. a4 Rd4 38. b5 Rxa4 39. Rc6+ Kd7 40. Rxa6 Rb4 41. Ra7+ Ke6 42. Rb7 Rb2+ 43. Kf1 Rb1+ 44. Kf2 Rb2+ 45. Kg3 f5 46. exf5+ gxf5 47. b6 Rb3 48. Rxh7 e4 49. b7 Ke5 50. Re7+ Kf6 51. Re8 Rxb7 52. fxe4 Rb3+ 53. Kf4 Rb2 54. e5+ Kf7 55. Ra8 Rf2+ 56. Kg3 Re2 57. Ra1 Rxe5 58. Ra7+ Kg6 59. Ra4 Re2 60. Rf4 Re3+ 61. Rf3 Re2 62. h3 Rb2 63. Rf2 Rb4 64. Kh2 Kg5 65. Kg3 Kg6 66. Kh2 Kg5 67. g3 Ra4 68. Kg2 Ra3 69. Re2 Rb3 70. Re5 Kf6 71. Re2 Kg5 72. Kf2 f4 1/2-1/2

[Event "Erandio op 18th"]
[Site "Erandio"]
[Date "2009.12.26"]
[Round "8"]
[White "Alonso Alonso, Ivan"]
[Black "Garcia Sanchez, Jose Manuel"]
[Result "1-0"]
[WhiteElo "2126"]
[BlackElo "1888"]
[PlyCount "63"]
[EventDate "2009.12.19"]
[EventType "swiss"]
[EventRounds "9"]
[EventCountry "ESP"]
[SourceTitle "CBM 133 Extra"]
[Source "ChessBase"]
[SourceDate "2010.01.05"]
[SourceVersion "1"]
[SourceVersionDate "2010.01.05"]
[SourceQuality "1"]

1. e4 c5 2. Nf3 d6 3. d4 cxd4 4. Nxd4 Nf6 5. Nc3 a6 6. Bg5 e6 7. f4 Be7 8. Qf3 h6 9. Bh4 Qc7 10. 0-0-0 0-0 11. g4 Nxe4 12. Nxe4 Bxh4 13. f5 d5 14. Nc3 Nc6 15. Nb3 b5 16. Kb1 Bb7 17. Qh3 Bf6 18. fxe6 Ne7 19. exf7+ Rxf7 20. Ne2 Rc8 21. Nbd4 Nc6 22. Qg2 Nxd4 23. Nxd4 Qc5 24. Nb3 Qb6 25. Bd3 a5 26. h4 a4 27. Nc1 Re7 28. g5 d4 29. Qg4 Be5 30. Rhf1 Rf7 31. gxh6 Qxh6 32. Rxf7 1-0

[Event "Erandio op"]
[Site "Erandio"]
[Date "2007.12.21"]
[Round "8"]
[White "Balsategui Gonzalez, Aitor"]
[Black "Alonso Alonso, Ivan"]
[Result "0-1"]
[WhiteElo "1744"]
[BlackElo "2171"]
[PlyCount "60"]
[EventDate "2007.12.17"]
[EventType "swiss"]
[EventRounds "9"]
[EventCountry "ESP"]
[SourceTitle "CBM 121 Extra"]
[Source "ChessBase"]
[SourceDate "2008.01.10"]
[SourceVersion "1"]
[SourceVersionDate "2008.01.10"]
[SourceQuality "1"]

1. e4 c5 2. c3 d5 3. exd5 Qxd5 4. d4 Nc6 5. Nf3 e6 6. c4 Qd6 7. Nc3 Nxd4 8. Be3 e5 9. Bxd4 exd4 10. Qa4+ Bd7 11. Nb5 Qb6 12. 0-0-0 Nf6 13. Bd3 Be7 14. Rhe1 a6 15. Ne5 Bxb5 16. cxb5 0-0 17. bxa6 Bd6 18. Bc4 Bxe5 19. Rxe5 bxa6 20. Re7 Rab8 21. b3 Rb7 22. Rde1 Rxe7 23. Rxe7 Qd6 24. Re2 Qxh2 25. g3 Qh1+ 26. Kc2 Qf3 27. Qa5 Ne4 28. Qe1 Nd6 29. Bxa6 Qa8 30. Qa5 c4 0-1

[Event "Erandio op"]
[Site "Erandio"]
[Date "2007.12.20"]
[Round "7"]
[White "Alonso Alonso, Ivan"]
[Black "Kasparov, Sergey"]
[Result "0-1"]
[WhiteElo "2171"]
[BlackElo "2466"]
[PlyCount "86"]
[EventDate "2007.12.17"]
[EventType "swiss"]
[EventRounds "9"]
[EventCountry "ESP"]
[SourceTitle "CBM 121 Extra"]
[Source "ChessBase"]
[SourceDate "2008.01.10"]
[SourceVersion "1"]
[SourceVersionDate "2008.01.10"]
[SourceQuality "1"]

1. e4 d5 2. exd5 Qxd5 3. Nc3 Qa5 4. d4 Nf6 5. Nf3 c6 6. Bc4 Bf5 7. Bd2 e6 8. Qe2 Bb4 9. 0-0 Nbd7 10. a3 Bxc3 11. Bxc3 Qc7 12. Bd3 Bxd3 13. Qxd3 0-0 14. Ng5 h6 15. Ne4 Nxe4 16. Qxe4 Nf6 17. Qe5 Rac8 18. f4 Qxe5 19. dxe5 Nd5 20. Bd2 Rfd8 21. Rad1 c5 22. f5 exf5 23. Rde1 Ne7 24. Bc3 Rd5 25. Rf3 Rc6 26. h4 h5 27. b4 c4 28. a4 a6 29. Rf4 Kf8 30. Kh2 Ke8 31. Kg3 g6 32. Rb1 Kd7 33. b5 axb5 34. axb5 Rcc5 35. Rd4 Ke6 36. Rxd5 Nxd5 37. Bd4 Rc8 38. Ra1 Nb4 39. Ra7 Nxc2 40. Bc3 Rd8 41. Kf4 Nd4 42. Bb4 Rd7 43. Ra8 Nxb5 0-1

[Event "Bizkaia-chA"]
[Site "Zornotza"]
[Date "2006.11.25"]
[Round "6"]
[White "Galzagorri Uli, Yeray"]
[Black "Alonso Alonso, Ivan"]
[Result "1-0"]
[WhiteElo "2227"]
[BlackElo "2216"]
[PlyCount "81"]
[EventDate "2006.10.21"]
[EventType "swiss"]
[EventRounds "6"]
[EventCountry "ESP"]
[SourceTitle "EXT 2018"]
[Source "ChessBase"]
[SourceDate "2017.10.13"]
[SourceVersion "1"]
[SourceVersionDate "2017.10.13"]
[SourceQuality "1"]

1. e4 c5 2. Nc3 a6 3. Nf3 b5 4. d4 cxd4 5. Nxd4 Bb7 6. Bd3 g6 7. a4 Bg7 8. Be3 b4 9. Na2 Nf6 10. f3 a5 11. c3 bxc3 12. Nxc3 Nc6 13. 0-0 0-0 14. Nxc6 Bxc6 15. Nb5 Ne8 16. Qc2 Rb8 17. Rac1 Bxb5 18. axb5 Nd6 19. Qb3 Nb7 20. Rfd1 d6 21. Bc4 e6 22. b6 Qe7 23. Qb5 h6 24. Bf1 Rfc8 25. b3 Rxc1 26. Rxc1 Nc5 27. Qxa5 Qb7 28. Rb1 Qxb6 29. Qxb6 Rxb6 30. b4 Rb7 31. b5 Kf8 32. Rd1 Ke7 33. Bf4 Rb6 34. Rd2 Bc3 35. Ra2 Bd4+ 36. Kh1 g5 37. Bg3 Nb3 38. Bc4 Nc5 39. Ra7+ Rb7 40. b6 Kd8 41. Bxd6 1-0

[Event "Bizkaia-chA"]
[Site "Zornotza"]
[Date "2006.11.11"]
[Round "4"]
[White "Rodriguez Gonzalez, Alex"]
[Black "Alonso Alonso, Ivan"]
[Result "0-1"]
[WhiteElo "2061"]
[BlackElo "2216"]
[PlyCount "113"]
[EventDate "2006.10.21"]
[EventType "swiss"]
[EventRounds "6"]
[EventCountry "ESP"]
[SourceTitle "EXT 2018"]
[Source "ChessBase"]
[SourceDate "2017.10.13"]
[SourceVersion "1"]
[SourceVersionDate "2017.10.13"]
[SourceQuality "1"]

1. e4 c5 2. Nc3 a6 3. f4 b5 4. Nf3 Bb7 5. d3 g6 6. g4 Bg7 7. Bg2 Nc6 8. 0-0 Nd4 9. Nxd4 cxd4 10. Ne2 Qb6 11. Ng3 h6 12. f5 g5 13. Bd2 Be5 14. Nh5 Nf6 15. Ng7+ Kf8 16. Nh5 Nxh5 17. gxh5 Kg7 18. Kh1 Rac8 19. Rc1 Rc6 20. Rf2 b4 21. Qg4 f6 22. Bf3 a5 23. Rg1 Kf7 24. Bd1 d5 25. Bf4 dxe4 26. Bxe5 e3 27. Rfg2 fxe5 28. Bf3 Rhc8 29. h4 Rh8 30. Kh2 Rf6 31. hxg5 hxg5 32. Bxb7 Qxb7 33. Rh1 Rfh6 34. Kg1 Qc6 35. Rh3 a4 36. Rgh2 Kf6 37. Rg3 Rg8 38. Qh3 b3 39. axb3 axb3 40. cxb3 Qc1+ 41. Qf1 Qxf1+ 42. Kxf1 Kxf5 43. Rf3+ Ke6 44. Rc2 Rxh5 45. Rc6+ Kd5 46. Rc7 Kd6 47. Rb7 Rc8 48. Rf7 Rh2 49. Rb6+ Kd5 50. Rb5+ Ke6 51. Kg1 Rd2 52. Rf1 Rcc2 53. Rb6+ Kd7 54. Ra1 Rg2+ 55. Kh1 Rh2+ 56. Kg1 Rcg2+ 57. Kf1 0-1